[Event "European Individual Championship - Reyk"]
[Site "Reykjavik, Iceland"]
[Date "2021.08.28"]
[Round "3.8"]
[White "Thybo, Jesper Sondergaard"]
[Black "Erdos, Viktor"]
[Result "1/2-1/2"]
[WhiteElo "2587"]
[BlackElo "2614"]
[PlyCount "36"]
[EventDate "2021.??.??"]

1. Nf3 Nf6 {[%emt 0:04:52]} 2. g3 {[%emt 0:00:32]} g6 {[%emt 0:03:20]} 3. Bg2
Bg7 4. O-O {[%emt 0:00:28]} O-O {[%emt 0:00:14]} 5. d4 {[%emt 0:01:20]} d5 {
[%emt 0:01:12]} 6. c4 c6 {[%emt 0:00:06]} 7. cxd5 {[%emt 0:00:49]} cxd5 {
[%emt 0:00:11]} 8. Ne5 {[%emt 0:00:32]} Ng4 {[%emt 0:01:57]} 9. Bf4 {[%emt 0:
00:42]} Nc6 {[%emt 0:11:34]} 10. Nxc6 {[%emt 0:01:22]} bxc6 {[%emt 0:00:16]}
11. h3 e5 {[%emt 0:05:28]} 12. Bc1 {[%emt 0:07:46]} Nf6 {[%emt 0:01:44]} 13.
dxe5 {[%emt 0:00:18]} Ne4 {[%emt 0:15:39]} 14. Qa4 {[%emt 0:25:48]} Qb6 {
[%emt 0:12:03]} 15. Be3 {[%emt 0:10:43]} Qxb2 {[%emt 0:02:57]} 16. Bd4 {
[%emt 0:00:34]} Qxe2 {[%emt 0:00:54]} 17. Qxc6 {[%emt 0:01:18]} Be6 {[%emt 0:
06:16]} 18. Nc3 {[%emt 0:02:34]} Nxc3 {[%emt 0:00:08]} 1/2-1/2

[Event "European Individual Championship - Reyk"]
[Site "Reykjavik, Iceland"]
[Date "2021.08.28"]
[Round "3.9"]
[White "Piorun, Kacper"]
[Black "Paichadze, Luka"]
[Result "1-0"]
[WhiteElo "2608"]
[BlackElo "2564"]
[PlyCount "77"]
[EventDate "2021.??.??"]

1. d4 {[%emt 0:00:10]} Nf6 {[%emt 0:00:25]} 2. c4 e6 3. g3 Bb4+ {[%emt 0:00:06]
} 4. Bd2 {[%emt 0:00:05]} Qe7 {[%emt 0:02:16]} 5. Bg2 {[%emt 0:00:27]} Nc6 {
[%emt 0:00:25]} 6. e3 {[%emt 0:02:20]} Bxd2+ {[%emt 0:06:50]} 7. Nxd2 {[%emt 0:
00:40]} e5 {[%emt 0:00:43]} 8. d5 {[%emt 0:01:30]} Nb4 {[%emt 0:00:40]} 9. Qb1
{[%emt 0:10:04]} c6 {[%emt 0:04:50]} 10. a3 {[%emt 0:04:16]} Na6 {[%emt 0:00:
08]} 11. Ne2 {[%emt 0:00:46]} cxd5 12. cxd5 {[%emt 0:00:04]} d6 {[%emt 0:02:06]
} 13. Nc3 {[%emt 0:03:20]} O-O {[%emt 0:00:24]} 14. O-O {[%emt 0:00:22]} Bd7 {
[%emt 0:01:19]} 15. b4 {[%emt 0:11:21]} Ng4 {[%emt 0:09:47]} 16. h3 {[%emt 0:
05:08]} Nh6 {[%emt 0:00:36]} 17. Qd3 {[%emt 0:03:11]} f5 {[%emt 0:00:45]} 18.
f4 {[%emt 0:02:54]} Rfe8 {[%emt 0:04:05]} 19. Nc4 {[%emt 0:04:14]} Nf7 {
[%emt 0:01:38]} 20. Na5 {[%emt 0:21:14]} Rac8 {[%emt 0:09:41]} 21. Rac1 {
[%emt 0:02:05]} Rc7 {[%emt 0:08:27]} 22. Nb5 {[%emt 0:07:22]} Rxc1 {[%emt 0:05:
39]} 23. Rxc1 {[%emt 0:00:03]} g5 {[%emt 0:08:12]} 24. Kh2 {[%emt 0:07:54]}
exf4 {[%emt 0:04:22]} 25. exf4 {[%emt 0:00:06]} gxf4 {[%emt 0:01:24]} 26. gxf4
{[%emt 0:02:03]} Qh4 {[%emt 0:09:25]} 27. Rf1 {[%emt 0:00:06]} Re4 {[%emt 0:07:
50]} 28. Nxb7 {[%emt 0:03:16]} Bxb5 {[%emt 0:02:07]} 29. Qxb5 {[%emt 0:00:07]}
Nc7 {[%emt 0:01:47]} 30. Qd7 {[%emt 0:03:00]} Rxf4 {[%emt 0:03:34]} 31. Nxd6 {
[%emt 0:01:09]} Nxd6 {[%emt 0:01:27]} 32. Qxd6 {[%emt 0:00:04]} Rxf1 {[%emt 0:
00:24]} 33. Bxf1 {[%emt 0:00:11]} f4 {[%emt 0:00:57]} 34. Kh1 {[%emt 0:05:09]}
Ne8 {[%emt 0:03:05]} 35. Qe6+ {[%emt 0:01:44]} Kf8 {[%emt 0:00:02]} 36. d6 {
[%emt 0:00:59]} Ng7 {[%emt 0:00:02]} 37. Qc8+ {[%emt 0:00:20]} Kf7 {[%emt 0:00:
02]} 38. Bc4+ {[%emt 0:00:55]} Kg6 {[%emt 0:00:32]} 39. Qg4+ {[%emt 0:00:08]}
1-0

[Event "European Individual Championship - Reyk"]
[Site "Reykjavik, Iceland"]
[Date "2021.08.28"]
[Round "3.10"]
[White "Sanal, Vahap"]
[Black "Antipov, Mikhail Al."]
[Result "0-1"]
[WhiteElo "2557"]
[BlackElo "2607"]
[PlyCount "134"]
[EventDate "2021.??.??"]

1. e4 {[%emt 0:00:09]} e5 2. Nf3 {[%emt 0:00:25]} Nc6 3. Bb5 {[%emt 0:00:02]}
Nf6 {[%emt 0:00:05]} 4. d3 {[%emt 0:00:15]} Bc5 {[%emt 0:00:04]} 5. Nc3 {
[%emt 0:00:51]} d6 {[%emt 0:02:39]} 6. Bxc6+ {[%emt 0:04:24]} bxc6 7. O-O Bb6 {
[%emt 0:11:57]} 8. a4 {[%emt 0:02:08]} a6 {[%emt 0:02:58]} 9. a5 {[%emt 0:01:
03]} Ba7 {[%emt 0:00:12]} 10. Be3 {[%emt 0:00:38]} Bxe3 {[%emt 0:06:50]} 11.
fxe3 {[%emt 0:00:35]} O-O {[%emt 0:01:30]} 12. Qe1 {[%emt 0:03:59]} c5 {
[%emt 0:02:41]} 13. b3 {[%emt 0:02:01]} Be6 {[%emt 0:04:22]} 14. h3 {[%emt 0:
01:42]} Nd7 {[%emt 0:07:01]} 15. Qg3 {[%emt 0:04:40]} f6 {[%emt 0:02:03]} 16.
d4 {[%emt 0:07:32]} Kh8 {[%emt 0:05:53]} 17. d5 {[%emt 0:02:36]} Bf7 {[%emt 0:
01:30]} 18. Nd2 {[%emt 0:00:05]} Bg6 {[%emt 0:01:58]} 19. Rf2 {[%emt 0:01:37]}
f5 {[%emt 0:04:34]} 20. Raf1 {[%emt 0:01:19]} fxe4 {[%emt 0:01:33]} 21. Rxf8+ {
[%emt 0:04:30]} Nxf8 22. Ndxe4 {[%emt 0:00:41]} Qe7 {[%emt 0:05:00]} 23. Qg4 {
[%emt 0:01:49]} Nd7 {[%emt 0:04:40]} 24. Rf2 {[%emt 0:02:15]} Bf7 {[%emt 0:08:
30]} 25. Ng5 {[%emt 0:05:03]} Bg8 {[%emt 0:01:37]} 26. Nce4 {[%emt 0:11:09]} h6
{[%emt 0:08:11]} 27. Ne6 {[%emt 0:02:16]} Nf8 {[%emt 0:00:24]} 28. Nxf8 {
[%emt 0:03:21]} Rxf8 {[%emt 0:00:07]} 29. Rxf8 {[%emt 0:00:46]} Qxf8 {[%emt 0:
00:02]} 30. Nc3 {[%emt 0:00:16]} Bh7 {[%emt 0:05:02]} 31. Qe2 {[%emt 0:01:51]}
Qf5 {[%emt 0:05:50]} 32. e4 {[%emt 0:03:26]} Qf4 {[%emt 0:00:32]} 33. Qf2 {
[%emt 0:04:17]} Qc1+ {[%emt 0:00:49]} 34. Kh2 {[%emt 0:00:07]} Bg6 {[%emt 0:01:
04]} 35. Qe2 {[%emt 0:05:07]} Kh7 {[%emt 0:01:11]} 36. h4 {[%emt 0:01:41]} h5 {
[%emt 0:00:51]} 37. g3 {[%emt 0:04:01]} Qa1 {[%emt 0:00:31]} 38. Nd1 {[%emt 0:
00:38]} Qxa5 {[%emt 0:01:06]} 39. Nf2 {[%emt 0:00:07]} Qb5 {[%emt 0:01:53]} 40.
Qe3 {[%emt 0:02:33]} Qf1 {[%emt 0:01:20]} 41. Nh3 {[%emt 0:01:05]} Be8 {
[%emt 0:03:22]} 42. Ng5+ {[%emt 0:00:33]} Kg8 {[%emt 0:00:16]} 43. Ne6 {
[%emt 0:07:12]} Bd7 {[%emt 0:05:46]} 44. Qg5 {[%emt 0:00:43]} Qe2+ {[%emt 0:03:
47]} 45. Kg1 {[%emt 0:00:05]} Qe1+ {[%emt 0:07:49]} 46. Kh2 {[%emt 0:00:30]}
Qf2+ {[%emt 0:00:09]} 47. Kh1 {[%emt 0:00:24]} Qf1+ {[%emt 0:02:03]} 48. Kh2 {
[%emt 0:01:09]} Qf2+ {[%emt 0:00:08]} 49. Kh1 {[%emt 0:00:31]} Qf7 {[%emt 0:02:
11]} 50. Qd8+ {[%emt 0:01:56]} Qe8 {[%emt 0:00:05]} 51. Qxc7 {[%emt 0:14:38]}
Bxe6 {[%emt 0:00:05]} 52. dxe6 {[%emt 0:00:09]} Qxe6 {[%emt 0:00:06]} 53. Kh2 {
[%emt 0:00:47]} Kh7 {[%emt 0:00:23]} 54. c4 {[%emt 0:03:06]} Qg4 {[%emt 0:04:
25]} 55. Qxd6 {[%emt 0:00:49]} Qe2+ {[%emt 0:00:03]} 56. Kg1 {[%emt 0:00:19]}
Qe1+ {[%emt 0:00:04]} 57. Kh2 {[%emt 0:00:12]} Qf2+ {[%emt 0:00:05]} 58. Kh1 {
[%emt 0:01:04]} Qf1+ {[%emt 0:00:05]} 59. Kh2 {[%emt 0:00:02]} Qf2+ {[%emt 0:
00:05]} 60. Kh1 Qxg3 {[%emt 0:00:11]} 61. Qxc5 {[%emt 0:00:14]} Qxh4+ {[%emt 0:
00:13]} 62. Kg1 {[%emt 0:00:06]} Qg3+ {[%emt 0:01:32]} 63. Kh1 {[%emt 0:01:46]}
Qf3+ {[%emt 0:00:06]} 64. Kg1 {[%emt 0:00:33]} Qg4+ {[%emt 0:00:19]} 65. Kh2 {
[%emt 0:01:21]} Qf4+ {[%emt 0:00:08]} 66. Kg1 {[%emt 0:00:06]} h4 {[%emt 0:01:
58]} 67. Qd5 {[%emt 0:00:21]} h3 {[%emt 0:01:02]} 0-1

[Event "European Individual Championship - Reyk"]
[Site "Reykjavik, Iceland"]
[Date "2021.08.28"]
[Round "3.11"]
[White "Jones, Gawain C B"]
[Black "Bjerre, Jonas Buhl"]
[Result "1/2-1/2"]
[WhiteElo "2684"]
[BlackElo "2550"]
[PlyCount "109"]
[EventDate "2021.??.??"]

1. e4 c5 {[%emt 0:00:25]} 2. Nc3 d6 {[%emt 0:00:12]} 3. Bb5+ {[%emt 0:01:04]}
Bd7 {[%emt 0:00:45]} 4. Bxd7+ {[%emt 0:00:27]} Qxd7 {[%emt 0:00:45]} 5. d4 {
[%emt 0:00:30]} cxd4 {[%emt 0:01:42]} 6. Qxd4 Nc6 {[%emt 0:00:50]} 7. Qd3 {
[%emt 0:00:10]} g6 {[%emt 0:05:24]} 8. Nf3 {[%emt 0:00:29]} Bg7 {[%emt 0:02:01]
} 9. O-O {[%emt 0:00:20]} Nf6 {[%emt 0:01:57]} 10. Nd5 {[%emt 0:02:21]} O-O {
[%emt 0:05:22]} 11. Bg5 {[%emt 0:01:00]} Ng4 {[%emt 0:09:11]} 12. h3 {[%emt 0:
02:01]} h6 {[%emt 0:05:30]} 13. Bh4 {[%emt 0:15:26]} e6 {[%emt 0:05:56]} 14.
hxg4 {[%emt 0:06:18]} exd5 {[%emt 0:00:11]} 15. exd5 {[%emt 0:00:09]} Ne5 {
[%emt 0:04:03]} 16. Nxe5 {[%emt 0:00:22]} Bxe5 {[%emt 0:00:20]} 17. Bg3 {
[%emt 0:17:41]} Bxb2 {[%emt 0:15:07]} 18. Rab1 Bg7 {[%emt 0:02:30]} 19. Qb5 {
[%emt 0:01:27]} Rad8 {[%emt 0:03:42]} 20. Qxb7 {[%emt 0:03:22]} Qxg4 {[%emt 0:
01:47]} 21. Qb4 {[%emt 0:04:42]} Qd7 {[%emt 0:03:41]} 22. Rfe1 {[%emt 0:01:57]}
Qc7 {[%emt 0:03:36]} 23. c4 {[%emt 0:02:05]} Rd7 {[%emt 0:01:50]} 24. Qa4 {
[%emt 0:13:07]} Bd4 {[%emt 0:02:52]} 25. Bf4 {[%emt 0:10:00]} Kh7 {[%emt 0:04:
29]} 26. Re4 {[%emt 0:02:55]} Bc5 {[%emt 0:02:11]} 27. Rbe1 Qd8 {[%emt 0:01:46]
} 28. Qb3 {[%emt 0:01:15]} h5 {[%emt 0:02:18]} 29. Qh3 {[%emt 0:03:52]} Rb7 {
[%emt 0:01:58]} 30. g4 {[%emt 0:01:18]} Rb2 {[%emt 0:10:13]} 31. gxh5 {[%emt 0:
01:10]} Bxf2+ {[%emt 0:00:37]} 32. Kh1 {[%emt 0:03:21]} Qh4 {[%emt 0:01:24]}
33. Qxh4 {[%emt 0:01:01]} Bxh4 {[%emt 0:00:07]} 34. Bxd6 {[%emt 0:00:25]} Bxe1
{[%emt 0:01:27]} 35. Bxf8 {[%emt 0:00:08]} Bg3 {[%emt 0:00:17]} 36. hxg6+ {
[%emt 0:02:28]} fxg6 {[%emt 0:00:05]} 37. d6 {[%emt 0:00:51]} Rh2+ {[%emt 0:01:
31]} 38. Kg1 {[%emt 0:00:04]} Rd2 {[%emt 0:00:06]} 39. Re6 {[%emt 0:01:20]} Kg8
{[%emt 0:01:42]} 40. Be7 {[%emt 0:00:41]} Kf7 {[%emt 0:01:09]} 41. Rf6+ {
[%emt 0:03:04]} Ke8 {[%emt 0:02:10]} 42. c5 {[%emt 0:10:53]} Rc2 {[%emt 0:07:
40]} 43. Bf8 {[%emt 0:03:13]} Bh4 {[%emt 0:03:22]} 44. Rf4 {[%emt 0:01:04]} Bg5
{[%emt 0:01:51]} 45. Rf3 {[%emt 0:00:28]} Kd7 {[%emt 0:03:17]} 46. Ra3 {
[%emt 0:02:31]} Ke8 {[%emt 0:03:51]} 47. Rf3 {[%emt 0:01:14]} Kd7 {[%emt 0:00:
21]} 48. Ra3 {[%emt 0:04:38]} Ke8 {[%emt 0:00:51]} 49. Be7 {[%emt 0:01:09]}
Bxe7 {[%emt 0:00:53]} 50. dxe7 {[%emt 0:00:26]} Kxe7 {[%emt 0:01:19]} 51. Rxa7+
{[%emt 0:00:12]} Kd8 {[%emt 0:01:11]} 52. Ra5 {[%emt 0:00:31]} Kc7 {[%emt 0:00:
06]} 53. a4 {[%emt 0:00:04]} Kc6 {[%emt 0:00:06]} 54. Ra8 {[%emt 0:00:04]} Rxc5
{[%emt 0:00:16]} 55. Rc8+ {[%emt 0:00:11]} 1/2-1/2

[Event "European Individual Championship - Reyk"]
[Site "Reykjavik, Iceland"]
[Date "2021.08.28"]
[Round "3.12"]
[White "Dragnev, Valentin"]
[Black "Sargissian, Gabriel"]
[Result "1/2-1/2"]
[WhiteElo "2557"]
[BlackElo "2682"]
[PlyCount "141"]
[EventDate "2021.??.??"]

1. e4 {[%emt 0:00:26]} e5 {[%emt 0:00:02]} 2. Nf3 {[%emt 0:00:07]} Nc6 {
[%emt 0:00:08]} 3. Bb5 {[%emt 0:00:05]} a6 {[%emt 0:00:14]} 4. Ba4 {[%emt 0:00:
40]} Nf6 5. O-O b5 {[%emt 0:00:08]} 6. Bb3 {[%emt 0:00:06]} Bc5 {[%emt 0:00:07]
} 7. c3 {[%emt 0:01:08]} d6 {[%emt 0:01:03]} 8. d4 {[%emt 0:00:28]} Bb6 9. Be3
{[%emt 0:00:09]} Bg4 {[%emt 0:07:03]} 10. Nbd2 {[%emt 0:00:36]} O-O {[%emt 0:
07:05]} 11. h3 {[%emt 0:01:04]} Bh5 {[%emt 0:02:01]} 12. dxe5 {[%emt 0:00:35]}
Bxe3 {[%emt 0:27:50]} 13. exf6 {[%emt 0:01:09]} Bxd2 {[%emt 0:01:01]} 14. Qxd2
{[%emt 0:03:38]} Bxf3 {[%emt 0:15:03]} 15. Qg5 {[%emt 0:01:01]} Qxf6 16. Qxf6 {
[%emt 0:00:07]} gxf6 {[%emt 0:00:06]} 17. Bd5 {[%emt 0:00:13]} Be2 {[%emt 0:00:
43]} 18. Rfe1 {[%emt 0:02:16]} Bc4 {[%emt 0:00:04]} 19. Bxc6 {[%emt 0:00:07]}
Rab8 {[%emt 0:00:05]} 20. b4 {[%emt 0:29:11]} Rb6 {[%emt 0:16:55]} 21. Bd5 {
[%emt 0:01:07]} Re8 {[%emt 0:00:57]} 22. Bxc4 {[%emt 0:11:53]} bxc4 {[%emt 0:
00:02]} 23. Rad1 {[%emt 0:00:09]} a5 {[%emt 0:01:28]} 24. a3 {[%emt 0:15:21]}
axb4 {[%emt 0:00:59]} 25. axb4 {[%emt 0:00:13]} c5 {[%emt 0:00:39]} 26. bxc5 {
[%emt 0:01:22]} dxc5 {[%emt 0:00:06]} 27. Re3 {[%emt 0:01:44]} Kf8 {[%emt 0:11:
44]} 28. Ra1 {[%emt 0:02:42]} Rd8 {[%emt 0:06:28]} 29. Ra5 {[%emt 0:03:22]} Rd3
{[%emt 0:00:57]} 30. Rxc5 {[%emt 0:01:09]} Rb1+ {[%emt 0:00:18]} 31. Kh2 {
[%emt 0:00:05]} Rxe3 {[%emt 0:00:10]} 32. fxe3 {[%emt 0:00:04]} Re1 {[%emt 0:
00:06]} 33. Rxc4 {[%emt 0:01:02]} Rxe3 {[%emt 0:00:06]} 34. Kg1 {[%emt 0:00:05]
} Re2 {[%emt 0:00:36]} 35. Kf1 {[%emt 0:05:20]} Rc2 {[%emt 0:00:09]} 36. Rc5 {
[%emt 0:00:04]} Kg7 {[%emt 0:01:24]} 37. Rc8 {[%emt 0:01:35]} Rd2 {[%emt 0:01:
16]} 38. Rc6 {[%emt 0:04:37]} Rc2 {[%emt 0:00:54]} 39. Rc8 {[%emt 0:08:23]} h5
{[%emt 0:00:39]} 40. h4 {[%emt 0:04:25]} Kh7 {[%emt 0:00:29]} 41. c4 {[%emt 0:
08:21]} Kg7 {[%emt 0:11:00]} 42. Rc5 {[%emt 0:15:50]} Kf8 {[%emt 0:02:05]} 43.
g3 {[%emt 0:01:29]} Kg7 {[%emt 0:06:46]} 44. Ke1 {[%emt 0:00:45]} Kg6 {[%emt 0:
02:44]} 45. Kf1 {[%emt 0:03:52]} Kg7 {[%emt 0:02:01]} 46. Ke1 {[%emt 0:01:02]}
Kg6 {[%emt 0:00:05]} 47. Kd1 {[%emt 0:01:54]} Rc3 {[%emt 0:00:39]} 48. Kd2 {
[%emt 0:01:01]} Rxg3 49. Rd5 {[%emt 0:00:28]} Rg4 {[%emt 0:00:47]} 50. Ke3 {
[%emt 0:01:33]} Rxh4 {[%emt 0:00:20]} 51. c5 {[%emt 0:00:28]} Rh1 {[%emt 0:00:
23]} 52. Rd2 {[%emt 0:00:40]} Rc1 {[%emt 0:02:43]} 53. Kd4 {[%emt 0:00:40]} h4
{[%emt 0:01:14]} 54. Rg2+ Kh5 {[%emt 0:00:12]} 55. Rg7 {[%emt 0:00:45]} h3 {
[%emt 0:00:23]} 56. Rh7+ {[%emt 0:00:30]} Kg4 {[%emt 0:00:18]} 57. Rg7+ {
[%emt 0:00:12]} Kf4 {[%emt 0:01:24]} 58. Rh7 {[%emt 0:00:10]} Rh1 {[%emt 0:02:
10]} 59. Kc3 {[%emt 0:01:36]} h2 {[%emt 0:01:17]} 60. Kb2 {[%emt 0:00:04]} Ke5
{[%emt 0:00:20]} 61. Rh4 {[%emt 0:01:02]} Ke6 {[%emt 0:00:10]} 62. Rh7 {
[%emt 0:00:18]} f5 {[%emt 0:03:07]} 63. Rh6+ {[%emt 0:00:32]} f6 {[%emt 0:00:
37]} 64. exf5+ {[%emt 0:00:13]} Kd7 {[%emt 0:01:55]} 65. c6+ {[%emt 0:00:49]}
Kc7 {[%emt 0:00:14]} 66. Ka2 {[%emt 0:00:20]} Rc1 {[%emt 0:00:47]} 67. Rxh2 {
[%emt 0:00:15]} Rxc6 {[%emt 0:00:04]} 68. Kb3 {[%emt 0:00:43]} Kd6 {[%emt 0:00:
39]} 69. Re2 {[%emt 0:00:23]} Kd5 {[%emt 0:00:05]} 70. Re8 {[%emt 0:00:29]} Rc1
{[%emt 0:01:05]} 71. Re6 {[%emt 0:00:06]} 1/2-1/2

[Event "European Individual Championship - Reyk"]
[Site "Reykjavik, Iceland"]
[Date "2021.08.28"]
[Round "3.13"]
[White "Navara, David"]
[Black "Martinovic, Sasa"]
[Result "1-0"]
[WhiteElo "2675"]
[BlackElo "2548"]
[PlyCount "83"]
[EventDate "2021.??.??"]

1. e4 c5 2. Nf3 {[%emt 0:00:02]} d6 {[%emt 0:00:04]} 3. d4 {[%emt 0:00:20]}
cxd4 4. Nxd4 Nf6 {[%emt 0:00:02]} 5. Nc3 {[%emt 0:00:05]} Nc6 {[%emt 0:00:05]}
6. Bg5 {[%emt 0:00:10]} e6 {[%emt 0:00:07]} 7. Qd2 {[%emt 0:00:02]} a6 {
[%emt 0:00:13]} 8. O-O-O {[%emt 0:00:33]} Bd7 9. f4 {[%emt 0:00:06]} Be7 {
[%emt 0:00:25]} 10. Nf3 {[%emt 0:00:39]} b5 {[%emt 0:00:21]} 11. e5 {[%emt 0:
00:19]} b4 {[%emt 0:00:35]} 12. exf6 {[%emt 0:00:17]} bxc3 {[%emt 0:00:19]} 13.
Qxc3 gxf6 {[%emt 0:00:11]} 14. Bh4 {[%emt 0:01:42]} Rg8 {[%emt 0:00:22]} 15.
Bd3 {[%emt 0:09:39]} d5 {[%emt 0:12:16]} 16. Kb1 {[%emt 0:29:29]} Rg4 {[%emt 0:
15:51]} 17. g3 {[%emt 0:22:36]} Nb4 {[%emt 0:23:47]} 18. Bxh7 {[%emt 0:02:26]}
Rc8 {[%emt 0:00:36]} 19. Qd2 {[%emt 0:06:18]} Rg7 {[%emt 0:16:49]} 20. Bd3 {
[%emt 0:00:46]} Qb6 {[%emt 0:00:32]} 21. c3 {[%emt 0:04:13]} Nxd3 {[%emt 0:05:
41]} 22. Qxd3 {[%emt 0:00:09]} Rg6 {[%emt 0:02:00]} 23. f5 {[%emt 0:10:21]} Rg4
{[%emt 0:03:19]} 24. fxe6 {[%emt 0:01:00]} fxe6 25. Qh7 {[%emt 0:01:20]} Kd8 {
[%emt 0:02:24]} 26. Ne5 {[%emt 0:08:54]} Rxh4 {[%emt 0:00:38]} 27. Nf7+ {
[%emt 0:00:04]} Kc7 {[%emt 0:02:28]} 28. Qxh4 {[%emt 0:00:04]} Kb7 {[%emt 0:02:
43]} 29. Ka1 {[%emt 0:01:51]} Bb5 {[%emt 0:09:18]} 30. Ne5 {[%emt 0:00:41]} Rc7
{[%emt 0:01:38]} 31. Ng6 {[%emt 0:01:10]} Bd8 {[%emt 0:01:26]} 32. Qb4 {
[%emt 0:00:45]} Rc4 {[%emt 0:00:22]} 33. Qf8 {[%emt 0:00:40]} Ra4 {[%emt 0:00:
07]} 34. Rd4 {[%emt 0:00:31]} Bc4 {[%emt 0:00:13]} 35. a3 {[%emt 0:00:32]} Bc7
{[%emt 0:00:53]} 36. Ne7 {[%emt 0:00:28]} e5 {[%emt 0:01:36]} 37. Qc8+ {
[%emt 0:00:17]} Ka7 {[%emt 0:00:04]} 38. Nxd5 {[%emt 0:00:39]} Qc6 {[%emt 0:01:
04]} 39. Rxc4 {[%emt 0:00:34]} Rxc4 {[%emt 0:00:07]} 40. Qxc7+ {[%emt 0:00:05]}
Qxc7 {[%emt 0:00:10]} 41. Nxc7 {[%emt 0:00:03]} Rxc7 {[%emt 0:00:05]} 42. Rf1 {
[%emt 0:00:35]} 1-0

[Event "European Individual Championship - Reyk"]
[Site "Reykjavik, Iceland"]
[Date "2021.08.28"]
[Round "3.14"]
[White "Nisipeanu, Liviu-Dieter"]
[Black "Suleymanli, Aydin"]
[Result "1-0"]
[WhiteElo "2671"]
[BlackElo "2536"]
[PlyCount "85"]
[EventDate "2021.??.??"]

1. e4 {[%emt 0:00:34]} e6 2. d4 {[%emt 0:00:06]} d5 {[%emt 0:00:08]} 3. Nc3 {
[%emt 0:00:23]} Bb4 {[%emt 0:00:08]} 4. e5 {[%emt 0:00:32]} c5 5. a3 Bxc3+ {
[%emt 0:00:05]} 6. bxc3 {[%emt 0:00:04]} Qa5 {[%emt 0:00:04]} 7. Bd2 {[%emt 0:
00:06]} Qa4 {[%emt 0:00:07]} 8. Qg4 {[%emt 0:00:05]} Kf8 {[%emt 0:00:16]} 9. h4
{[%emt 0:00:55]} Nc6 {[%emt 0:02:28]} 10. Rh3 {[%emt 0:10:28]} Nge7 {[%emt 0:
06:23]} 11. h5 {[%emt 0:01:38]} h6 {[%emt 0:05:59]} 12. Qf4 {[%emt 0:00:02]}
Ke8 {[%emt 0:03:08]} 13. dxc5 {[%emt 0:11:48]} Qxf4 14. Bxf4 {[%emt 0:06:17]}
f6 {[%emt 0:06:57]} 15. Nf3 {[%emt 0:03:31]} g5 {[%emt 0:08:16]} 16. hxg6 {
[%emt 0:00:13]} Nxg6 {[%emt 0:00:27]} 17. Rxh6 Rxh6 {[%emt 0:00:03]} 18. Bxh6 {
[%emt 0:00:02]} fxe5 {[%emt 0:00:55]} 19. Rb1 {[%emt 0:03:38]} Rb8 {[%emt 0:09:
01]} 20. c4 e4 {[%emt 0:00:49]} 21. cxd5 {[%emt 0:01:35]} exd5 {[%emt 0:00:41]}
22. Nd2 {[%emt 0:02:20]} Nd4 {[%emt 0:18:24]} 23. c3 {[%emt 0:05:46]} Nf5 {
[%emt 0:01:53]} 24. Bg5 {[%emt 0:00:24]} Bd7 {[%emt 0:01:19]} 25. c4 {[%emt 0:
07:24]} Bc6 {[%emt 0:01:17]} 26. cxd5 {[%emt 0:00:37]} Bxd5 {[%emt 0:00:07]}
27. Rb4 {[%emt 0:00:58]} Kf8 {[%emt 0:01:10]} 28. Nc4 {[%emt 0:08:58]} Kf7 {
[%emt 0:04:22]} 29. Be2 {[%emt 0:04:55]} Rg8 {[%emt 0:06:17]} 30. Nd6+ {
[%emt 0:06:47]} Nxd6 {[%emt 0:01:02]} 31. cxd6 {[%emt 0:00:08]} Ke6 {[%emt 0:
07:04]} 32. Be3 {[%emt 0:12:11]} Ne5 {[%emt 0:01:16]} 33. g3 {[%emt 0:04:31]}
a6 {[%emt 0:00:51]} 34. Bf4 {[%emt 0:00:33]} b5 {[%emt 0:04:44]} 35. a4 {
[%emt 0:03:03]} Nc6 {[%emt 0:00:26]} 36. Rb1 {[%emt 0:00:05]} b4 {[%emt 0:14:
33]} 37. Bxa6 {[%emt 0:00:56]} Nd4 38. Kd2 {[%emt 0:01:03]} Ra8 {[%emt 0:00:46]
} 39. Bf1 {[%emt 0:00:34]} Nf3+ {[%emt 0:00:38]} 40. Kc1 {[%emt 0:01:21]} Rh8 {
[%emt 0:01:44]} 41. Bb5 {[%emt 0:04:19]} e3 {[%emt 0:13:57]} 42. Bxe3 {[%emt 0:
01:18]} Be4 {[%emt 0:00:25]} 43. Rxb4 {[%emt 0:00:29]} 1-0

[Event "European Individual Championship - Reyk"]
[Site "Reykjavik, Iceland"]
[Date "2021.08.28"]
[Round "3.15"]
[White "Kulaots, Kaido"]
[Black "Grandelius, Nils"]
[Result "1/2-1/2"]
[WhiteElo "2548"]
[BlackElo "2666"]
[PlyCount "62"]
[EventDate "2021.??.??"]

1. e4 c5 {[%emt 0:00:26]} 2. Nf3 {[%emt 0:00:15]} d6 {[%emt 0:00:10]} 3. d4 {
[%emt 0:00:51]} cxd4 {[%emt 0:00:04]} 4. Nxd4 {[%emt 0:00:05]} Nf6 {[%emt 0:00:
06]} 5. Nc3 {[%emt 0:00:06]} a6 {[%emt 0:00:55]} 6. h3 {[%emt 0:01:10]} e5 {
[%emt 0:00:59]} 7. Nf3 {[%emt 0:01:41]} Nc6 {[%emt 0:08:03]} 8. g4 {[%emt 0:10:
14]} h6 {[%emt 0:04:44]} 9. g5 {[%emt 0:13:59]} hxg5 {[%emt 0:00:57]} 10. Nxg5
{[%emt 0:00:19]} Bg4 {[%emt 0:06:06]} 11. f3 {[%emt 0:17:21]} Bh5 {[%emt 0:18:
20]} 12. Be3 {[%emt 0:00:55]} Be7 {[%emt 0:04:44]} 13. Qd2 {[%emt 0:12:35]} Nd4
{[%emt 0:06:14]} 14. Bxd4 {[%emt 0:01:09]} exd4 {[%emt 0:00:05]} 15. Qxd4 {
[%emt 0:00:40]} Nd7 {[%emt 0:01:10]} 16. h4 {[%emt 0:01:12]} Bxg5 {[%emt 0:15:
32]} 17. hxg5 {[%emt 0:00:09]} Qxg5 {[%emt 0:00:20]} 18. Be2 {[%emt 0:07:43]}
Nf6 {[%emt 0:03:08]} 19. Kf2 {[%emt 0:02:55]} O-O-O {[%emt 0:10:14]} 20. Rag1 {
[%emt 0:03:11]} Qf4 {[%emt 0:02:30]} 21. Qe3 {[%emt 0:09:49]} Qxe3+ {[%emt 0:
02:03]} 22. Kxe3 {[%emt 0:00:05]} d5 {[%emt 0:00:39]} 23. Nxd5 {[%emt 0:01:58]}
Nxd5+ {[%emt 0:00:26]} 24. exd5 {[%emt 0:00:09]} Rxd5 {[%emt 0:01:44]} 25. Bd3
{[%emt 0:02:03]} Re8+ {[%emt 0:00:39]} 26. Kf2 {[%emt 0:00:29]} Bg6 {[%emt 0:
03:25]} 27. Bxg6 {[%emt 0:01:10]} Rd2+ {[%emt 0:00:06]} 28. Kg3 {[%emt 0:00:11]
} fxg6 {[%emt 0:00:04]} 29. Rh2 {[%emt 0:00:34]} Rd5 {[%emt 0:00:23]} 30. Kf2 {
[%emt 0:04:43]} Rd2+ {[%emt 0:01:36]} 31. Kg3 {[%emt 0:00:06]} Rd5 {[%emt 0:00:
04]} 1/2-1/2

[Event "European Individual Championship - Reyk"]
[Site "Reykjavik, Iceland"]
[Date "2021.08.28"]
[Round "3.16"]
[White "Lupulescu, Constantin"]
[Black "Valsecchi, Alessio"]
[Result "1/2-1/2"]
[WhiteElo "2659"]
[BlackElo "2527"]
[PlyCount "45"]
[EventDate "2021.??.??"]

1. e4 c5 {[%emt 0:00:05]} 2. Nf3 {[%emt 0:00:20]} d6 3. d4 {[%emt 0:00:10]}
cxd4 {[%emt 0:00:05]} 4. Nxd4 {[%emt 0:00:07]} Nf6 {[%emt 0:00:09]} 5. Nc3 {
[%emt 0:00:05]} a6 {[%emt 0:00:08]} 6. Bd3 {[%emt 0:00:32]} g6 {[%emt 0:01:45]}
7. f3 {[%emt 0:02:25]} Bg7 {[%emt 0:11:49]} 8. Be3 {[%emt 0:00:48]} h5 {
[%emt 0:04:39]} 9. Qd2 {[%emt 0:05:47]} Nbd7 {[%emt 0:01:57]} 10. O-O-O {
[%emt 0:11:10]} b5 {[%emt 0:01:05]} 11. Nd5 {[%emt 0:10:05]} Bb7 {[%emt 0:03:
07]} 12. Nxf6+ {[%emt 0:01:43]} Bxf6 {[%emt 0:02:47]} 13. Kb1 {[%emt 0:05:33]}
Rc8 {[%emt 0:03:08]} 14. Nb3 {[%emt 0:09:00]} Nb6 {[%emt 0:15:17]} 15. Bd4 {
[%emt 0:01:42]} Bxd4 {[%emt 0:07:52]} 16. Nxd4 {[%emt 0:00:31]} e5 {[%emt 0:00:
11]} 17. Nb3 {[%emt 0:04:52]} O-O {[%emt 0:04:43]} 18. h4 {[%emt 0:14:16]} Kg7
{[%emt 0:00:40]} 19. g4 {[%emt 0:04:23]} Rh8 {[%emt 0:03:45]} 20. g5 {[%emt 0:
00:39]} Re8 {[%emt 0:03:57]} 21. Rhe1 {[%emt 0:01:20]} Ba8 {[%emt 0:08:49]} 22.
Bf1 {[%emt 0:11:32]} d5 {[%emt 0:04:11]} 23. Qf2 {[%emt 0:06:44]} 1/2-1/2